Statistiche per Top 15 dei paesi con decessi Covid-19 - 26 gennaio 2022

Clicka qui per fare il quiz!

Statistiche generali

  • Questo quiz è stato fatto 10 volte
  • Il punteggio medio è 12 su 27

Statistiche sulle risposte

paese% Corretto
Francia
100%
Italia
100%
Stati Uniti
100%
Germania
90%
Russia
90%
India
80%
Brasile
70%
Regno Unito
70%
Polonia
60%
Slovenia
60%
Iran
50%
Argentina
40%
Cechia
40%
Messico
40%
Colombia
30%
Indonesia
30%
Perù
30%
Romania
30%
Slovacchia
30%
Ungheria
30%
Croazia
20%
Bosnia ed Erzegovina
10%
Bulgaria
10%
Georgia
10%
Armenia
0%
Lituania
0%
Macedonia del Nord
0%

Distribuzione punteggi

Percentile per numero di risposta

Percentuale di utenti per punteggio

I tuoi punteggi nel tempo

Non hai fatto questo quiz